LEADER 01239nam0-22003731i-450- 001 990007863460403321 005 20060706154709.0 035 $a000786346 035 $aFED01000786346 035 $a(Aleph)000786346FED01 035 $a000786346 100 $a20040317d1962----km-y0itay50------ba 101 0 $alat 102 $aGB 105 $ay---a---001gy 200 1 $aSilvae$fP. Papini Stati$grecognovit brevique adnotatione critica instruxit Ioannes S. Phillimore$gin indice nominum componendo operam dederunt Ioannes Clarke Iacobus I. Robertson Ioannes H. Younc 205 $aed. altera correctior 210 $aOxonii$cOxford University Press$d1962$gClarendon 215 $a1 v.$d20 cm 225 1 $aScriptorum classicorum bibliotheca Oxoniensis 307 $aRil. 610 0 $aPoesia latina$aStazio, Papinio$aSilvae 676 $a870.'01 700 1$aStatius,$bPublius Papinius$f<40-96 ca>$0171438 702 1$aClarke,$bJohn 702 1$aPhillimore,$bJohn S. 702 1$aRobertson,$bJames 801 0$aIT$bUNINA$gRICA$2UNIMARC 901 $aBK 912 $a990007863460403321 952 $aP2B-640-OXON.-STATIUS-402A-1962$bIst.Fil.Cl.2445$fFLFBC 959 $aFLFBC 996 $aSilvae$916721 997 $aUNINA LEADER 01102nam2-2200373---450- 001 990003211030203316 005 20090326160146.0 010 $a978-1-4073-0281-2 035 $a000321103 035 $aUSA01000321103 035 $a(ALEPH)000321103USA01 035 $a000321103 100 $a20090326d2008----km-y0itaa50------ba 101 0 $aeng 102 $aUK 105 $aa|||z|||001yy 200 1 $aSymbolism in rock art$fedited by Fernando Coimbra, Léo Dubal 210 $aOxford$cArchaeopress$d2008 215 $aVI, 62 p.$cill.$d30 cm 225 2 $aBAR International series$v1793 300 $aSulla cop. : Session WS 34 410 0$1000018484$aBAR International series 606 0 $aPitture rupestri$yArcheologia$2BNCF 676 $a709.0113 702 $aCOIMBRA,$bFernando 702 $aDUBAL,$bLéo 801 0$aIT$bsalbc$gISBD 912 $a990003211030203316 951 $aXI.5. Coll. 12/473$b211301 LM$cXI.5. Coll.$d00203913 959 $aBK 969 $aUMA 979 $aSENATORE$b90$c20090326$lUSA01$h1601 996 $aSymbolism in rock art$91011908 997 $aUNISA